书目信息 |
| 题名: |
强兵秘典
|
|
| 作者: | 孔泽人 编译 | |
| 分册: | ||
| 出版信息: | 北京 北京燕山出版社 2007 |
|
| 页数: | 183-371页 | |
| 开本: | 20cm | |
| 丛书名: | 经国五典 | |
| 单 册: | ||
| 中图分类: | Z126.23 | |
| 科图分类: | ||
| 主题词: | 兵法--中国--古代 | |
| 电子资源: | ||
| ISBN: | 978-7-5402-0463-1 | |
| 000 | 01071oam2 2200361 450 | |
| 001 | 1555570211 | |
| 005 | 20150126152721.50 | |
| 010 | @a978-7-5402-0463-1@dCNY34.80 | |
| 010 | @a978-7-5402-0463-1 | |
| 100 | @a20071108d2007 emky0chiy0110 ea | |
| 101 | 0 | @achi |
| 102 | @aCN@b110000 | |
| 105 | @ay z 000yy | |
| 200 | 1 | @a强兵秘典@9Qiang Bing Mi Dian@e孙子@HXia@f孔泽人编译 |
| 210 | @a北京@c北京燕山出版社@d2007 | |
| 215 | @a183-371页@d20cm | |
| 225 | 2 | @a经国五典@e文白对照全译本 |
| 327 | 1 | @a孙子·吴子·司马法·孙膑兵法·尉缭子·六韬·三略·唐李问对·三十六计 |
| 461 | 0 | @12001 @a经国五典 |
| 517 | 1 | @a孙子@9Sun Zi |
| 517 | 1 | @a吴子@9Wu Zi |
| 517 | 1 | @a司马法@9Si Ma Fa |
| 517 | 1 | @a孙膑兵法@9Sun Bin Bing Fa |
| 517 | 1 | @a尉缭子@9Wei Liao Zi |
| 517 | 1 | @a六韬@9Liu Tao |
| 517 | 1 | @a三略@9San Lue |
| 517 | 1 | @a唐李问对@9Tang Li Wen Dui |
| 517 | 1 | @a三十六计@9San Shi Liu Ji |
| 606 | @a兵法@y中国@z古代 | |
| 690 | @aZ126.23@v5 | |
| 701 | 0 | @a孔泽人@9Kong Ze Ren@4编译 |
| 801 | 0 | @aCN@bTSSF@c20150126 |
| 905 | @aZUCC@dZ126.23@eJY1 | |
| 强兵秘典:孙子/孔泽人编译.-北京:北京燕山出版社,2007 |
| 183-371页;20cm.-(经国五典:文白对照全译本) |
| 部分内容:孙子·吴子·司马法·孙膑兵法·尉缭子·六韬·三略·唐李问对·三十六计 |
| ISBN 978-7-5402-0463-1:CNY34.80 |
| ● |
| 相关链接 |
|
|
|
|
正题名:强兵秘典
索取号:Z126.23/JY1
 
预约/预借
| 序号 | 登录号 | 条形码 | 馆藏地/架位号 | 状态 | 备注 |
| 1 | 7838101 | 278381010 | 学院路分馆/ [索取号:Z126.23/JY1] | 在馆 |